[Event "Oberliga Wuerttemberg 0102"]
[Site "Wuerttemberg"]
[Date "2002.??.??"]
[Round "7"]
[White "Lnenickova, Gabriela"]
[Black "Kotlyar, Dimitri"]
[Result "1-0"]
[WhiteElo "2226"]
[BlackElo "2120"]
[PlyCount "91"]
[EventDate "2001.10.01"]
[EventType "team-tourn"]
[EventRounds "9"]
[EventCountry "GER"]
[SourceTitle "EXT 2019"]
[Source "ChessBase"]
[SourceDate "2018.10.10"]
[SourceVersion "1"]
[SourceVersionDate "2018.10.10"]
[SourceQuality "1"]
[WhiteTeam "Schwaebisch Gmuend"]
[BlackTeam "Sindelfingen"]
[WhiteTeamCountry "GER"]
[BlackTeamCountry "GER"]

1. e4 e6 2. d4 d5 3. e5 c5 4. c3 Nc6 5. Nf3 Bd7 6. a3 f6 7. Bd3 Qc7 8. Qe2 0-0-0 9. 0-0 fxe5 10. dxe5 Nh6 11. Bf4 Nf7 12. b4 c4 13. Bc2 Be7 14. b5 Na5 15. Nd4 Rdg8 16. a4 g5 17. Bg3 h5 18. h3 Nh6 19. Nd2 g4 20. Kh1 Qd8 21. Bh2 Bc5 22. f4 Qh4 23. Qe1 Qe7 24. f5 Bxd4 25. cxd4 gxh3 26. gxh3 Nxf5 27. Bxf5 exf5 28. Bf4 h4 29. Qf2 Be6 30. Qe3 Qb4 31. Rfb1 Qe7 32. Nf3 Nb3 33. Ra2 b6 34. Bg5 Qh7 35. Bf4 Qh5 36. Ng5 Rh6 37. Rg1 Rhg6 38. Rag2 Kd7 39. Qc3 a5 40. bxa6 Ra8 41. Qb4 Bg8 42. e6+ Ke8 43. Qd6 Rd8 44. Qc6+ Ke7 45. Qc7+ Ke8 46. Bd6 1-0